Καθρέφτης του κόσμου : μια νέα ιστορία της τέχνης
Αποθηκεύτηκε σε:
| Κύριος συγγραφέας: | |
|---|---|
| Άλλοι συγγραφείς: | |
| Μορφή: | Βιβλίο |
| Γλώσσα: | Greek English |
| Δημοσίευση: |
Αθήνα :
Μεταίχμιο,
c2008.
|
| Θέματα: | |
| Ετικέτες: |
Προσθήκη ετικέτας
Δεν υπάρχουν, Καταχωρήστε ετικέτα πρώτοι!
|
MARC
| LEADER | 00000cam a2200000 i 4500 | ||
|---|---|---|---|
| 001 | 1/44575 | ||
| 008 | 140319s2008 gr | ||| |||| ||gre|| | ||
| 020 | |a 9604556053 | ||
| 020 | |a 9789604556052 | ||
| 035 | |l 10117150 | ||
| 040 | |a GR-MyUa |b gre |e AACR2 | ||
| 041 | 1 | |a gre |h eng | |
| 082 | 7 | |a 709 |2 (22) | |
| 100 | 1 | |a Bell, Julian, |d 1952- | |
| 245 | 1 | 0 | |a Καθρέφτης του κόσμου : |b μια νέα ιστορία της τέχνης / |c Τζούλιαν Μπελ ; επιστημονική επιμέλεια Κωνσταντίνος Ιωαννίδης ; μετάφραση Γιώργος Λαμπράκος, Ελεάννα Πανάγου. |
| 260 | |a Αθήνα : |b Μεταίχμιο, |c c2008. | ||
| 300 | |a 496 σ. : |b εικ. ; |c 27 εκ. | ||
| 500 | |a Με 372 εικόνες, από τις οποίες οι 267 έγχρωμες. | ||
| 504 | |a Βιβλιογραφία: σ. 478-483. Ευρετήριο. | ||
| 500 | |a Μετάφραση του: Mirror of the world : a new history of art. | ||
| 650 | 0 | |a Art |x History. | |
| 700 | 1 | |a Ιωαννίδης, Κώστας, |e edt | |
| 852 | |a INST |b LESVOS |c EUDOXUS |e 20140319 |h 709 BEL |p 005100053877 |q 005100053877 |t EDX |y 0 | ||
| 852 | |a INST |b LESVOS |c EUDOXUS |e 20160421 |h 709 BEL |p 005100057553 |q 005100057553 |t EDX |y 0 | ||
| 852 | |a INST |b LESVOS |c EUDOXUS |e 20190326 |h 709 BEL |p 005100062023 |q 005100062023 |t EDX |y 0 | ||
| 852 | |a INST |b RHODES |c EUDOXUS |e 20150508 |h 709 BEL |p 005400037683 |q 005400037683 |t EDX |y 0 | ||
| 852 | |a INST |b RHODES |c EUDOXUS |e 20150508 |h 709 BEL |p 005400037684 |q 005400037684 |t EDX |y 0 | ||
| 852 | |a INST |b SYROS |c EUDOXUS |e 20140502 |h 709 BEL |p 005500011388 |q 005500011388 |t EDX |y 0 | ||
| 901 | |a BIBL5-2014-1 | ||
| 901 | |a BIBL1-2014-1 | ||
| 920 | |a Εύδοξος |b Παραγγελία |y Ρόδος-ΤΕΠΑΕΣ |z 2015-05 | ||
| 920 | |a Εύδοξος |b Παραγγελία |y Σύρος-ΤΜΣΠΣ |z 2014-04 | ||
| 920 | |a Εύδοξος |b Παραγγελία |y Λέσβος-ΤΠΤΕ |z 2013-12 | ||
| 920 | |a Εύδοξος |b Παραγγελία |y Λέσβος-ΤΠΤΕ |z 04-2016 | ||
| 920 | |a Εύδοξος |b Επιστροφή |y Λέσβος |z 2019-03 | ||
| 970 | |a Τζαφέρη |b Ευαγγελία |z 19/03/2014 | ||